| 000 | 02512nab a2200265 i 4500 | ||
|---|---|---|---|
| 003 | BR-BrBNA | ||
| 005 | 20241112111634.0 | ||
| 008 | 241112b2009 bl.qr|pooa||| 00| 0 por | | ||
| 040 |
_aBR-BrBNA _bpor |
||
| 072 | _aF70 | ||
| 100 | _aBrotto, Marcelo Leandro | ||
| 100 | _aSantos, Élide Pereira dos | ||
| 100 | _aBaitello, João Batista | ||
| 245 | _aLauraceae no Morro dos Perdidos (Floresta Atlântica), Paraná, Brasil | ||
| 500 | _aPublicação on-line; 29 ref.; 2 illus.; Summaries (En, Pt) | ||
| 520 | _a RESUMO (Lauraceae no Morro dos Perdidos (Floresta Atlântica), Paraná, Brasil) O Morro dos Perdidos está localizado no município de Guaratuba, estado do Paraná (25º45’–25º50’S e 49º03’–49º06’O), abrange uma área de 1440 hectares de Floresta Ombrófila Densa, com altitudes entre 767 a 1439 m. Na área, a família Lauraceae está representada por 15 espécies: Cinnamomum hatschbachii; Cryptocarya aschersoniana; Endlicheria paniculata; Nectandra puberula; Ocotea bicolor; O. catharinensis; O. elegans; O. nunesiana; O. odorifera; O. porosa; O. pulchella; O. tristis; O. vaccinioides; Ocotea sp e Persea willdenovii. São apresentados chave, descrições, ilustrações e comentários sobre as espécies. Palavras-chave: flora, neotrópicos, taxonomia, Serra do Mar. | ||
| 520 | _a ABSTRACT (Lauraceae in the Morro dos Perdidos (Atlantic Forest), Paraná State, Brazil) Morro dos Perdidos is located in Guaratuba, Paraná State (25º45’–25º50’S and 49º03’–49º06’W), comprising 1440 hectares of Atlantic Rain Forest, with altitudes between 767 and 1439 m. In the area, the family Lauraceae is represented by 15 species: Cinnamomum hatschbachii; Cryptocarya aschersoniana; Endlicheria paniculata; Nectandra puberula; Ocotea bicolor; O. catharinensis; O. elegans; O. nunesiana; O. odorifera; O. porosa; O. pulchella; O. tristis; O. vaccinioides; Ocotea sp and Persea willdenovii. Key, descriptions, illustrations and comments about the species are presented. Key words: flora, neotropics, taxonomy, Serra do Mar. | ||
| 650 | _aFLORA | ||
| 650 | _aTAXONOMIA | ||
| 650 | _aSERRA DO MAR | ||
| 773 | 0 |
_0709 _9346144 _dRio de Janeiro-RJ Jardim Botanico do Rio de Janeiro 1935 _o2024-6791 _tRodriguésia (Brazil) _x0370-6583; 2175-7860 on-line _gv. 60(2) p. 445-459; (2009) _wBR2024003539 |
|
| 856 | _uhttps://www.scielo.br/j/rod/a/wFNhGghFHXwYdmbsXhM9kRm/?format=pdf&lang=pt | ||
| 942 | _cANA | ||
| 999 |
_c328582 _d328582 |
||